| 000 | 00667nam a2200229 i 4500 | ||
|---|---|---|---|
| 003 | DO-SdBNP | ||
| 005 | 20231030095914.0 | ||
| 006 | a||||er|||| 00| 0 | ||
| 007 | ta | ||
| 008 | 231030e1976 dr ||||| |||| 00| 0 spa d | ||
| 040 |
_aDO-SdBNP _bspa _cBNPHU _erda |
||
| 082 | 4 |
_222 _bI59a |
|
| 110 | 2 |
_aInstituto Nacional de Educación Sexual _92373 _eautor |
|
| 245 | 1 | 3 | _aLa armonía sexual. / |
| 264 |
_aSanto Domingo : _bInes, _c1976 |
||
| 300 |
_a56 páginas : _bIlustraciones ; _c20 cm. |
||
| 336 |
_2rdacontent _atexto _btxt |
||
| 337 |
_2rdamedia _asin mediación _bn |
||
| 338 |
_2rdacarreir _avolumen _bnc |
||
| 590 | _aInventariado 2023 / MF | ||
| 942 |
_2ddc _cLBS1 |
||
| 999 |
_c55330 _d55330 |
||